Иностранные языки в современном мире (Запись № 12511297)

Подробности
000 -МАРКЕР
контрольное поле 02748nam0a2200397 4500
001 - ИДЕНТИФИКАТОР ЗАПИСИ
контрольное поле RU\NLR\BIBL_A\012577548
005 - ИДЕНТИФИКАТОР ВЕРСИИ
контрольное поле 20250130160637.0
010 ## - МЕЖДУНАРОДНЫЙ СТАНДАРТНЫЙ НОМЕР КНИГИ (ISBN)
Номер (ISBN) 978-5-7972-2832-5
Тираж 500
021 ## - НОМЕР ГОСУДАРСТВЕННОЙ РЕГИСТРАЦИИ
Код страны Российская Федерация
Номер КН-П-21-023148
Номер Листа государственной регистраци КН-П-21-1798
035 ## - ДРУГИЕ СИСТЕМНЫЕ НОМЕРА
Идентификатор записи (NLR Aleph) 012577548
100 ## - ДАННЫЕ ОБЩЕЙ ОБРАБОТКИ
Данные общей обработки 20210811d2020 k y0rusy50 ca
101 0# - ЯЗЫК РЕСУРСА
Язык текста, звукозаписи и т.д. многоязычный, разных семей языки
102 ## - СТРАНА ПУБЛИКАЦИИ ИЛИ ПРОИЗВОДСТВА
Страна публикации Российская Федерация
105 ## - ПОЛЕ КОДИРОВАННЫХ ДАННЫХ: ТЕКСТОВЫЕ МАТЕРИАЛЫ, МОНОГРАФИЧЕСКИЕ
Кодированные данные о монографическом текстовом документе y|||z|||110zy
181 #0 - ПОЛЕ КОДИРОВАННЫХ ДАННЫХ: ВИД СОДЕРЖАНИЯ
Код вида содержания (ISBD) i
Код характеристики содержания (ISBD) axxe
182 #0 - ПОЛЕ КОДИРОВАННЫХ ДАННЫХ: ТИП СРЕДСТВА
Код типа средства (ISBD) n - непосредственное
200 1# - ЗАГЛАВИЕ И СВЕДЕНИЯ ОБ ОТВЕТСТВЕННОСТИ
Основное заглавие Иностранные языки в современном мире
Сведения, относящиеся к заглавию материалы международной студенческой научно-практической конференции, 18 ноября 2020 года
Первые сведения об ответственности Министерство науки и высшего образования Российской Федерации, Ростовский государственный экономический университет (РИНХ), Факультет лингвистики и журналистики
Последующие сведения об ответственности редакционная коллегия: Т.В. Евсюкова [и др.]
203 ## - ВИД СОДЕРЖАНИЯ И ТИП СРЕДСТВА
Вид содержания Текст
Дополнительные сведения об издании визуальный
Тип средства непосредственный
210 ## - ПУБЛИКАЦИЯ, РАСПРОСТРАНЕНИЕ И ДР.
Место издания, распространения и т.д. Ростов-на-Дону
Имя издателя, распространителя и т. д. Издательско-полиграфический комплекс РГЭУ (РИНХ)
Дата издания, распространения и т.д. 2020
215 ## - ФИЗИЧЕСКАЯ ХАРАКТЕРИСТИКА
Специфическое обозначение материала и объем 183, [1] с.
Размеры 21
300 ## - ОБЩИЕ ПРИМЕЧАНИЯ
Текст примечания На обл.: Победа! 75, 1945-2020
300 ## - ОБЩИЕ ПРИМЕЧАНИЯ
Текст примечания Часть текста нем., фр., англ.
320 ## - ПРИМЕЧАНИЯ О НАЛИЧИИ В ДОКУМЕНТЕ БИБЛИОГРАФИИ / УКАЗАТЕЛЯ
Текст примечания Библиогр. в конце ст.
606 1# - НАИМЕНОВАНИЕ ТЕМЫ КАК ПРЕДМЕТ
Наименование темы Языкознание
Формальный подзаголовок Съезды, совещания и т.п
Системный номер авторитетной/нормативной записи 911558
Идентификатор авторитетной/нормативной записи RU\NLR\AUTH\6613279
606 1# - НАИМЕНОВАНИЕ ТЕМЫ КАК ПРЕДМЕТ
Наименование темы Иностранные языки
Формальный подзаголовок Съезды, совещания и т.п.
Тематический подзаголовок Научно-исследовательская работа студентов
Системный номер авторитетной/нормативной записи 1746545
Идентификатор авторитетной/нормативной записи RU\NLR\auth\66781989
686 1# - ИНДЕКСЫ ДРУГИХ КЛАССИФИКАЦИЙ
Индекс Ш1я431
686 1# - ИНДЕКСЫ ДРУГИХ КЛАССИФИКАЦИЙ
Индекс Ч486.17(2Р)-268я431
702 #1 - ИМЯ ЛИЦА - ВТОРИЧНАЯ ОТВЕТСТВЕННОСТЬ
Код отношения Редактор
Графика поля Кириллица
Материалы, к которым относится поле rus
Начальный элемент ввода Евсюкова
Часть имени, кроме начального элемента ввода Т. В.
Даты 1946-
Расширение инициалов личного имени Татьяна Всеволодовна
Системный номер авторитетной/нормативной записи 136655
Идентификатор авторитетной/нормативной записи RU\NLR\AUTH\770136690
711 12 - НАИМЕНОВАНИЕ ОРГАНИЗАЦИИ - АЛЬТЕРНАТИВНАЯ ОТВЕТСТВЕННОСТЬ
Начальный элемент ввода "Иностранные языки в современном мире", международная научно-практическая студенческая конференция
Место проведения временной организации Ростов-на-Дону
Дата проведения временной организации 2020
Системный номер авторитетной/нормативной записи 763386
Идентификатор авторитетной/нормативной записи RU\NLR\AUTH\880548935
712 02 - НАИМЕНОВАНИЕ ОРГАНИЗАЦИИ - ВТОРИЧНАЯ ОТВЕТСТВЕННОСТЬ
Код отношения Организатор конференции
Начальный элемент ввода Ростовский государственный экономический университет
Структурное подразделение Факультет лингвистики и журналистики
Идентифицирующий признак Ростов-на-Дону
Системный номер авторитетной/нормативной записи 578985
Идентификатор авторитетной/нормативной записи RU\NLR\AUTH\8810039968
942 ## - ДОПОЛНИТЕЛЬНЫЕ ЭЛЕМЕНТЫ ЗАПИСИ (АБИС)
Тип экземпляра АБИС Книга
980 ## - КОЛЛЕКЦИЯ
Название коллекции Национальная библиография
Экземпляры
Тип экземпляра Дата поступления Источник поступления Библиотека постоянного хранения Библиотека текущего хранения Место хранения Шифр хранения Штрих-код Статус экземпляра
Книга 11.08.2021 Обязательный экземпляр РНБ (Московский) РНБ (Московский) Русский книжный фонд: издания с 1957 года 2021-3/19085 1-3477452  
Книга 11.08.2021 Обязательный экземпляр РНБ (Московский) РНБ (Московский) Русский книжный фонд: издания с 1957 года 2021-3/19085 1-3477456